ՄԱՅՐ ԱԹՈՌ ՍՈՒՐԲ ԷՋՄԻԱԾԻՆ

«ՎԱՉԵ ԵՎ ԹԱՄԱՐ ՄԱՆՈՒԿՅԱՆ» ՄԱՏԵՆԱԴԱՐԱՆ

Սիրաք և Սամվել / (Record no. 77337)

MARC details
000 -LEADER
fixed length control field 01219nam a22002777a 4500
003 - CONTROL NUMBER IDENTIFIER
control field SEM
005 - DATE AND TIME OF LATEST TRANSACTION
control field 20260629152531.0
008 - FIXED-LENGTH DATA ELEMENTS--GENERAL INFORMATION
fixed length control field 260629s2026 ai ||||gr||||||01|||arm|d
020 ## - INTERNATIONAL STANDARD BOOK NUMBER
International Standard Book Number 9789939593630
040 ## - CATALOGING SOURCE
Original cataloging agency SEM
Transcribing agency SEM
041 ## - LANGUAGE CODE
Language code of text/sound track or separate title arm
082 ## - DEWEY DECIMAL CLASSIFICATION NUMBER
Classification number 891.981-3/Խ-91
100 ## - MAIN ENTRY--PERSONAL NAME
Personal name Խրիմյան Հայրիկ
Numeration 125-րդ
Titles and words associated with a name Կաթողիկոս Ամենայն Հայոց
Dates associated with a name (1820-1892-1907)
Fuller form of name (Խրիմյան Մկրտիչ Ա. Վանեցի)
245 ## - TITLE STATEMENT
Title Սիրաք և Սամվել /
Statement of responsibility, etc. Խրիմյան Հայրիկ; Թարգմ.՝ Վ. Պարանյան; Խմբ.՝ Լ. Պետրոսյան ; Կաթողիկոսություն Ամենայն Հայոց
246 ## - VARYING FORM OF TITLE
Title proper/short title Siraq and Samuel /
246 ## - VARYING FORM OF TITLE
Title proper/short title Сирах и Самуил /
250 ## - EDITION STATEMENT
Edition statement Երրորդ վերահրատարակություն
260 ## - PUBLICATION, DISTRIBUTION, ETC.
Place of publication, distribution, etc. Ս. Էջմիածին :
Name of publisher, distributor, etc. Մայր Աթոռ Սուրբ Էջմիածնի հրատ.,
Date of publication, distribution, etc. 2026.
300 ## - PHYSICAL DESCRIPTION
Extent 207 էջ ;
Dimensions 16 սմ
650 ## - SUBJECT ADDED ENTRY--TOPICAL TERM
Topical term or geographic name entry element Հայ գրականություն
General subdivision արձակ
653 ## - INDEX TERM--UNCONTROLLED
Uncontrolled term ՍԷՄ
700 ## - ADDED ENTRY--PERSONAL NAME
Personal name Պարանյան Վալերի
Relator term թարգմ.
700 ## - ADDED ENTRY--PERSONAL NAME
Personal name Պետրոսյան Լիլիթ
Relator term խմբ.
710 ## - ADDED ENTRY--CORPORATE NAME
Corporate name or jurisdiction name as entry element Կաթողիկոսություն Ամենայն Հայոց
942 ## - ADDED ENTRY ELEMENTS (KOHA)
Source of classification or shelving scheme Universal Decimal Classification
Koha item type Գրքեր/Books
Holdings
Withdrawn status Lost status Source of classification or shelving scheme Damaged status Not for loan Collection code Home library Current library Date acquired Cost, normal purchase price Inventory number Total Checkouts Full call number Barcode Date last seen Price effective from Koha item type Public note
    Universal Decimal Classification     Գրապահոց Մայր Աթոռ Սուրբ Էջմիածին «Վաչե և Թամար Մանուկյան» Մատենադարան Մայր Աթոռ Սուրբ Էջմիածին «Վաչե և Թամար Մանուկյան» Մատենադարան 29/06/2026 526.72 37564   891.981-3/Խ-91 37564 29/06/2026 29/06/2026 Գրքեր/Books Սպասարկվում է ընթերցասրահ
    Universal Decimal Classification     Գրապահոց Մայր Աթոռ Սուրբ Էջմիածին «Վաչե և Թամար Մանուկյան» Մատենադարան Մայր Աթոռ Սուրբ Էջմիածին «Վաչե և Թամար Մանուկյան» Մատենադարան 29/06/2026 526.72 37565   891.981-3/Խ-91 37565 29/06/2026 29/06/2026 Գրքեր/Books Սպասարկվում է 30 օր
    Universal Decimal Classification     Գրապահոց Մայր Աթոռ Սուրբ Էջմիածին «Վաչե և Թամար Մանուկյան» Մատենադարան Մայր Աթոռ Սուրբ Էջմիածին «Վաչե և Թամար Մանուկյան» Մատենադարան 29/06/2026 526.72 37566   891.981-3/Խ-91 37566 29/06/2026 29/06/2026 Գրքեր/Books Սպասարկվում է 30 օր